Statistiques concernant Capitales PECO

Cliquez ici pour prendre le quiz!

Statistiques générales

  • Ce quiz a été pris 56 fois
  • Le résultat moyen est 19 sur 21

Statistiques - réponses

PaysCapitale% Correct
CroatieZagreb
100%
UkraineKiev
98%
RussieMoscou
98%
RoumanieBucarest
96%
BulgarieSofia
96%
PologneVarsovie
96%
HongrieBudapest
94%
BielorussieMinsk
92%
TchéquiePrague
92%
LettonieRiga
90%
Bosnie-HerzégovineSarajevo
90%
EstonieTallinn
90%
LituanieVilnius
90%
SlovénieLjubljana
88%
SlovaquieBratislava
86%
AlbanieTirana
86%
SerbieBelgrade
82%
MonténegroPodgorica
78%
KosovoPristina
78%
MacédoineSkopje
78%
MoldavieChisinau
75%

Distribution des résultats

Percentile par nombre de réponses

% des personnes avec chaque résultat

Votre développement - résultats

Vous n’avez pas pris ce quiz